La philosophie en France au XIX siècle (Record no. 87952)

MARC details
000 -LEADER
campo de control de longitud fija 00656nam a2200193 i 4500
001 - NÚMERO DE CONTROL
campo de control 87952
003 - IDENTIFICADOR DE NÚMERO DE CONTROL
campo de control ES-MaACL
005 - FECHA Y HORA DE LA ÚLTIMA TRANSACCIÓN
campo de control 20230906175755.0
007 - CAMPO FIJO DE DESCRIPCIÓN FÍSICA--INFORMACIÓN GENERAL
campo de control de longitud fija t|
008 - DATOS DE LONGITUD FIJA--INFORMACIÓN GENERAL
campo de control de longitud fija 041229s1907 fr ||||1| fre d
100 1# - ENTRADA PRINCIPAL--NOMBRE DE PERSONA
Nombre de persona Ravaisson, Félix.
9 (RLIN) 95571
245 13 - MENCIÓN DEL TÍTULO
Título La philosophie en France au XIX siècle
Resto del título : 1867 : suivie du rapport aur le Prix Victor Cousin : (le scepticisme dans l'Antiquite) : 1884 /
Mención de responsabilidad, etc. par Felix Ravaisson [seud.].
250 ## - MENCION DE EDICION
Mención de edición 5ème. ed.
260 ## - PUBLICACIÓN, DISTRIBUCIÓN, ETC.
Lugar de publicación, distribución, etc. Paris :
Nombre del editor, distribuidor, etc. Hachette,
Fecha de publicación, distribución, etc. 1904 (
Fabricante Lahure)
300 ## - DESCRIPCIÓN FÍSICA
Extensión 330 p. ;
Dimensiones 25 cm.
600 04 - PUNTO DE ACCESO ADICIONAL DE MATERIA--NOMBRE DE PERSONA
Nombre de persona Cousin, Victor.
9 (RLIN) 41306
740 3# - ENTRADA AGREGADA--TÍTULO RELACIONADO/ANALÍTICO NO CONTROLADO
Título relacionado o analítico no controlado Le scepticisme dans l'Antiquite.
852 ## - LOCALIZACIÓN
Ubicación ES-MaACL
Número de control de estantería F-9911
Holdings
Estatus retirado Estado de pérdida Estado de daño No para préstamo Biblioteca de origen Biblioteca actual Ubicación en estantería Fecha de adquisición Fuente de adquisición Total de préstamos Signatura topográfica completa Código de barras Visto por última vez Precio de reemplazo Tipo de ítem Koha
        Biblioteca del Ateneo de Madrid Biblioteca del Ateneo de Madrid Sala Pecera Planta 2 17/01/2008     F-9911 1091876 23/02/2023 23/02/2023 Libro impreso